Music Quiz

Random Music or Artist Quiz
Score 0/20 Timer 05:00
2 Plays Today
% Correct
The Rolling Stones
96.2%
KISS
94%
The Doors
74.8%
ZZ Top
74%
Cher
71.4%
Green Day
69.7%
Lionel Richie
66.9%
Ramones
63.7%
Guns N' Roses
61.8%
Spinal Tap
45.2%
% Correct
The Who
42.2%
Grateful Dead
39.4%
Queen
35.7%
Bruce Springsteen
35%
Avenged Sevenfold
18.5%
Rammstein
11.5%
Talking Heads
11%
Deftones
8.6%
Blue Öyster Cult
8%
Depeche Mode
6.4%
Remove Ads.
Support Sporcle.
Get the best of Sporcle when you Go Orange. This ad-free experience offers more features, more stats, and more fun while also helping to support Sporcle. Thank you for becoming a member.

You're not logged in!

Compare scores with friends on all Sporcle quizzes.
OR
Log In

Show Comments

Extras

Top Quizzes Today


Score Distribution

Your Account Isn't Verified!

In order to create a playlist on Sporcle, you need to verify the email address you used during registration. Go to your Sporcle Settings to finish the process.

Report this User

Report this user for behavior that violates our Community Guidelines.

Details: